عرض عادي عرض مارك
  • Miller, T. J. E.

مدخل إسم شخص

عدد التسجيلات المستخدمة في: 1

001 - رقم الضبط

  • حقل الضبط: 51848

003 - معرف رقم الضبط

  • حقل الضبط: OSt

005 - تاريخ ووقت أخر عملية

  • حقل الضبط: 20151011182012.0

008 - عناصر بيانات ثابتة الطول

  • حقل تحكم ثابت الطول: 151011|| aca||aabn | a|a d

040 ## - مصدر الفهرسة

  • هيئة الفهرسة الأصلية: OSt
  • وكالة الكتابة: OSt

100 ## - مدخل -- أسم شخص

  • إسم شخص: Miller, T. J. E.
  • الشكل الكامل للاسم: (Timothy John Eastham),
  • تواريخ مرتبطة بالاسم: 1947-

670 ## - بيانات المصدر موجوده

  • الاستشهاد بالمصدر: Work cat.: (OSt)0: Miller, T. J. E. (Timothy John Eastham), 1947-, Switched reluctance motors and their control /, 1993.